LEADER 01363nam0 22003493i 450 001 NAP0512347 005 20251003044254.0 010 $a0201407779$bpbk 010 $a0805398015$bhbk 100 $a20110617d1985 ||||0itac50 ba 101 | $aeng 102 $aus 181 1$6z01$ai $bxxxe 182 1$6z01$an 200 1 $aCombustion theory$ethe fundamental theory of chemically reacting flow systems$fForman A. Williams 205 $a2. ed 210 $aReading (MA)$cPerseus Books$d1985 215 $aXXIII, 680 p.$d23 cm. 225 | $aCombustion science and engineering series$fseries editor Forman A. Williams 410 0$1001RMS0004282$12001 $aCombustion science and engineering series$fseries editor Forman A. Williams 606 $aCombustione$2FIR$3CFIC046876$9I 676 $a541$9Chimica fisica$v14 676 $a541.361$9Termochimica e termodinamica. Combustione$v22 700 1$aWilliams$b, Forman Arthur$f <1934- >$3RMSV003632$4070$013554 801 3$aIT$bIT-000000$c20110617 850 $aIT-BN0095 901 $bNAP 01$cSALA DING $n$ 912 $aNAP0512347 950 0$aBiblioteca Centralizzata di Ateneo$c1 v.$d 01SALA DING 541 WIL.co$e 0102 0000085255 VMA FD 1 v.$fY $h20110614$i20110617 977 $a 01 996 $aCombustion theory$9118589 997 $aUNISANNIO LEADER 00877nam0 22002051i 450 001 UON00187428 005 20231205103159.748 100 $a20030730d1975 |0itac50 ba 101 $aita 102 $aIT 105 $a|||| ||||| 200 1 $aEconomia urbana$fPierre Henri Derycke 210 $aBologna$cIl Mulino$d1975. 248 p. ; 22 cm. 700 1$aDerycke$bPierre-Henry$3UONV109124$0676516 801 $aIT$bSOL$c20260410$gRICA 912 $aUON00187428 950 $aSIBA - SISTEMA BIBLIOTECARIO DI ATENEO E ARCHIVIO STORICO$dSI F 0009 $eSI SC 742 5 0009 950 $aSIBA - SISTEMA BIBLIOTECARIO DI ATENEO E ARCHIVIO STORICO$dSI VII GEO C 0171 $eSI SC 11902 5 0171 996 $aEconomia urbana$91286742 997 $aUNIOR